Statistics for Soccer Players by Picture

Click here to take the quiz!

General Stats

  • This quiz has been taken 1,517 times
  • The average score is 12 of 15

Answer Stats

Answer% Correct
Cristiano Ronaldo
99%
Neymar
98%
Pelé
98%
Lionel Messi
97%
Diego Maradona
95%
Zlatan Ibrahimović
95%
David Beckham
92%
Zinedine Zidane
91%
Carles Puyol
83%
Steven Gerrard
80%
Franck Ribéry
79%
Iker Casillas
75%
Raúl
60%
Oliver Kahn
58%
Ruud van Nistelrooy
45%

Score Distribution

Percentile by Number Answered

Percent of People with Each Score

Your Score History

You have not taken this quiz